000 00512nam a2200157 i 4500
001 59742
003 ES-MaACL
005 20230906164106.0
007 t|
008 031030s1978 sp ||||1| spa d
100 1 _aEnríquez Arranz, María Dolores.
_947282
245 1 0 _aMuseo Nacional de Artes Decorativas /
_cMaría Dolores Enríquez Arranz.
260 _aMadrid :
_bComisaría Nacional de Museos y Extensión Cultural,
_c1978.
300 _a144 p., 54 lám. ;
_c20 cm.
852 _aES-MaACL
_jA-8922
_bR.97940
999 _c59742
_d59742